000 00999nam a22002417a 4500
999 _c5951
_d5951
003 AR-CdUCM
008 190313b ||||| |||| 00| 0 spa d
040 _aMUNICIPALIDAD PROVINCIAL DEL CUSCO
_cBIBLIOTECA MUNICIPAL DEL CUSCO
082 _a869.56 /
_bAN61
100 _aAngeles Caballero, César A
_96978
245 _aValdelomar, conferenciante /
260 _aIca :
_bTalleres graficos de la voz de Ica,
_c1962.
300 _a50 paginas ;
_bIlustraciones, fasciculos, retratos,recortes digitalizados,
_c22cm.
500 _aAntes del título: Universidad Nacional San Luis Gonzaga de Ica. Facultad de Letras. Instituto de Literatura. e.2: Donación de la familia Nieto Dedicatoria a Luis Nieto
650 _aAutores Peruanos
_9731
650 _aBibliografia
_917469
650 _aSiglo XX
_98
650 _aLiteratura
_9416
710 _aUniversidad Nacional San Luis Gonzaga (Ica).
_917470
710 _aInstituto de Literatura.
_917471
942 _2ddc
_cLIBROS
945 _apjha
_d2019-04-17